Geometrical and machine drawing: a text book for diploma students / (Record no. 3724)

000 -LEADER
fixed length control field 00415nam a2200145 4500
008 - FIXED-LENGTH DATA ELEMENTS--GENERAL INFORMATION
fixed length control field 200626b ||||| |||| 00| 0 eng d
082 00 - DEWEY DECIMAL CLASSIFICATION NUMBER
Classification number 604.2
Item number B5755
100 ## - MAIN ENTRY--PERSONAL NAME
9 (RLIN) 1437
Personal name Bhatt, N. D.
245 10 - TITLE STATEMENT
Title Geometrical and machine drawing: a text book for diploma students /
250 ## - EDITION STATEMENT
Edition statement 20th ed.
260 ## - PUBLICATION, DISTRIBUTION, ETC. (IMPRINT)
Place of publication, distribution, etc Anand
Name of publisher, distributor, etc Charotor
Date of publication, distribution, etc 1985
300 ## - PHYSICAL DESCRIPTION
Extent 214 p.
650 #0 - SUBJECT ADDED ENTRY--TOPICAL TERM
Topical term or geographic name as entry element Mechanical Drawing
942 ## - ADDED ENTRY ELEMENTS (KOHA)
Source of classification or shelving scheme
Item type Books
Holdings
Withdrawn status Lost status Source of classification or shelving scheme Damaged status Not for loan Permanent location Current location Date acquired Full call number Barcode Date last seen Koha item type
          IMU Kolkata IMU Kolkata 2020-06-26 604.2 B5755 06641 2020-06-26 Books
Designed and Maintained by IMU-KC Library, Kolkata Campus © Copyright All Rights Reserved

webs counters

Powered by Koha